000 00848nam a22002297a 4500
999 _c16983
_d16983
003 AR-CdUCM
008 190507b ||||| |||| 00| 0 spa d
040 _aMUNICIPALIDAD PROVINCIAL DEL CUSCO
_cBIBLIOTECA MUNICIPAL DEL CUSCO
082 _a891.7 /
_bG12
100 _aGagarin, Yuri
_936771
245 _aEl camino del cosmos /
260 _aLima :
_bCentro de estudiantes de medicina UNMSM,
_c1964.
300 _a218 paginas ;
_c18 cm.
505 _aContenido :La región de Smolensk, mi tierra natal -- En las filas de la clase obrera me hago aviador -- El juramento de fidelidad a la patria...
650 _aAurora boreal
_936772
650 _aServicio de la patria
_936773
650 _aMe hago aviador
_936774
650 _aLiteratura Rusa
_910457
650 _aNarrativa Rusa
_99260
942 _2ddc
_cLIBROS
945 _awnts
_d2019-05-7